Less Common Flags - Statistics

General Stats
  • This quiz has been taken 12 times
  • The average score is 10 of 16
Answer Stats
Picture Answer % Correct
Cote D'ivoire
100%
Isle of Man
80%
Tibet
80%
Uzbekistan
80%
Palestine
70%
Aruba
60%
Christmas Island
60%
Equatorial Guinea
60%
New Caledonia
60%
Sicily
60%
U.S. Virgin Islands
60%
Bermuda
50%
New York City
50%
Brittany
40%
Newfoundland
30%
Alberta
20%
No matching quizzes found
Score Distribution
Percent of People with Each Score
Percentile by Number Answered
Your Score History
You have not taken this quiz